VII centro nacional, resultado definitivo total país / Termístocles Montás (Registro nro. 1941)
[ vista simple ]
| 000 -LEADER | |
|---|---|
| fixed length control field | 00560nam a22001931a 4500 |
| 001 - CONTROL NUMBER | |
| control field | 1941 |
| 003 - CONTROL NUMBER IDENTIFIER | |
| control field | OSt |
| 005 - DATE AND TIME OF LATEST TRANSACTION | |
| control field | 20260204211753.0 |
| 008 - FIXED-LENGTH DATA ELEMENTS--GENERAL INFORMATION | |
| fixed length control field | 040122s1998||||dr ||||||b||||||||||spa|| |
| 050 ## - LIBRARY OF CONGRESS CALL NUMBER | |
| Classification number | RD 312 M761c |
| 082 ## - DEWEY DECIMAL CLASSIFICATION NUMBER | |
| Classification number | RD 312 M761c |
| 100 ## - ASIENTO PRINCIPAL -- NOMBRE PERSONAL | |
| Personal name | Montás, Termístocles |
| 245 ## - TÍTULO PROPIAMENTE DICHO: SUBTÍTULO | |
| Title | VII centro nacional, resultado definitivo total país / Termístocles Montás |
| 264 ## - PRODUCTION, PUBLICATION, DISTRIBUTION, MANUFACTURE, AND COPYRIGHT NOTICE | |
| Place of production, publication, distribution, manufacture | Santo Domingo : Oficina Nacional de Estadística |
| 300 ## - PHYSICAL DESCRIPTION | |
| Extensión | 405 p. |
| 650 ## - ASIENTO SECUNDARIO DE MATERIA -- TERMINO TEMÁTICO | |
| Termino Temático Como Elemento de Entrada | 1.Estadística de Población |
| 700 ## - ASIENTO SECUNDARIO -- NOMBRE PERSONAL | |
| Personal name | Rossi de Pérez, MaritzaÌ |
| 942 ## - ADDED ENTRY ELEMENTS (KOHA) | |
| Source of classification or shelving scheme | Dewey Decimal Classification |
| Koha item type | Libros |
| Withdrawn status | Lost status | Source of classification or shelving scheme | Damaged status | Not for loan | Current library | Date acquired | Total Checkouts | Full call number | Barcode | Date last seen | Price effective from | Koha item type |
|---|---|---|---|---|---|---|---|---|---|---|---|---|
| Dewey Decimal Classification | Biblioteca UTECO | 09/09/2019 | RD 312 M761C | 005270 | 09/09/2019 | 09/09/2019 | Libros |
